000 00755nam a2200181Ia 4500
003 GCL
008 140319s9999 xx 000 0 ara d
040 _aGCL /
_cGCL
082 0 4 _a910.3
_bى م
100 1 _aياقوت الحموى: شهاب الدين ابوعبدالله ياقوت بن عبدالله الرومى البغدادى
245 1 0 _aمعجم البلدان /
_cياقوت الحموى: شهاب الدين ابوعبدالله ياقوت بن عبدالله الرومى البغدادى
260 _aبيروت :
_bدار صادر ،
_c1955
300 _a12مج فى 4 جزء:
_bايض ؛
_c28 سم
650 0 4 _aالمعاجم
650 0 4 _aتقاويم البلدان
650 0 4 _aالبلدان- معاجم
942 _2ddc
_cBK
999 _c59364
_d59364